| 000 | 00900cam a2200289 a 4500 | ||
|---|---|---|---|
| 003 | OSt | ||
| 005 | 20140310184522.0 | ||
| 008 | 890807s1990 mnua j b 001 0 eng | ||
| 010 | _a 89013059 | ||
| 020 |
_a0590485679 _c$9.95 |
||
| 040 |
_aDLC _cDLC _dDLC |
||
| 042 | _alcac | ||
| 043 | _an-us--- | ||
| 050 | 0 | 0 |
_aHF 5386 _b.Aa387 1990 |
| 100 | 1 |
_aAaseng, Nathan. _929858 |
|
| 245 | 1 | 0 |
_aFrom rags to riches : _bpeople who started businesses from scratch / _cNathan Aaseng. |
| 260 |
_aMinneapolis : _bLerner Publications Co., _c1990. |
||
| 300 |
_a80 p. : _bill. ; _c23 cm. |
||
| 521 | _aG9 | ||
| 526 | _c1110 | ||
| 650 | 0 |
_aSuccess in business _zUnited States _xCase studies _xJuvenile literature. _929859 |
|
| 650 | 1 |
_aBusinesspeople. _9481 |
|
| 650 | 1 |
_aBusiness enterprises. _929860 |
|
| 906 |
_a7 _bcbc _corignew _d1 _eocip _f19 _gy-gencatlg |
||
| 942 |
_2lcc _cBK-SCHOLAS |
||
| 999 |
_c35047 _d35047 |
||